Cukrářská výroba 3.

Gespeichert in:
Bibliographische Detailangaben
Hauptverfasser: Skoupil, Jan (Verfasst von), Pelikán, Miroslav (Verfasst von)
Format: Buch
Sprache:Tschechisch
Veröffentlicht: Praha : Podnikatelský svaz pekařů a cukrářů v ČR, 1999
Tags: Tag hinzufügen
Keine Tags, Fügen Sie das erste Tag hinzu!

MARC

LEADER 00000nam a22000003a 4500
001 stu53705
005 20150617225703.1
008 000524s1999----xr------------------cze-d
040 |a STU  |b slo 
041 0 |a cze 
044 |a xr 
080 |a 664.68 
100 1 |a Skoupil, Jan  |4 aut 
245 1 |a Cukrářská výroba 3. 
260 |a Praha :  |b Podnikatelský svaz pekařů a cukrářů v ČR,  |c 1999 
300 |a 224 s.Obr.,tab.,grafy,index 
700 1 |a Pelikán, Miroslav  |4 aut 
996 |b C96312  |c C*96312  |l CCX  |s P  |a 0  |w stu53705_0001